000 00498nam a22001817a 4500
003 OSt
005 20250619152015.0
008 250619b |||||||| |||| 00| 0 eng d
020 _a978-93-6254-328-8
040 _cSBCL
082 _a894.8123
_bRAY-K
100 _aRay, Satyajit
245 _aKalavupoya Yesu
260 _aKottayam
_bDC Books
_c2024
300 _a96p.
650 _2Literature & rhetoric
_aLiteratures of other languages
_vAltaic, Uralic, Hyperborean & Dravidian
942 _cBOOK
999 _c137081
_d137081